Competition Law In India (Record no. 751599)

MARC details
000 -LEADER
fixed length control field 00329nam a2200133Ia 4500
008 - FIXED-LENGTH DATA ELEMENTS--GENERAL INFORMATION
fixed length control field 230724s2023 xx 000 0 und d
041 ## - LANGUAGE CODE
Language code of text/sound track or separate title eng
082 ## - DEWEY DECIMAL CLASSIFICATION NUMBER
Classification number 345.06/CHA
100 ## - MAIN ENTRY--PERSONAL NAME
Personal name Chatterji
245 ## - TITLE STATEMENT
Title Competition Law In India
250 ## - EDITION STATEMENT
Edition statement 2017 Ed
260 ## - PUBLICATION, DISTRIBUTION, ETC.
Place of publication, distribution, etc. Allahabad
Name of publisher, distributor, etc. Allahabad Law Agency
Date of publication, distribution, etc. 2023
300 ## - PHYSICAL DESCRIPTION
Extent 1-459 P.p.

No items available.